[Event "Extremadura-chT"]
[Site "Spain"]
[Date "2009.03.21"]
[Round "9.3"]
[White "Gonzalez Garcia, Jose Angel"]
[Black "Gonzalez Sanchez, Jose"]
[Result "1-0"]
[WhiteElo "1893"]
[BlackElo "1697"]
[PlyCount "31"]
[EventDate "2009.01.17"]
[EventType "team-swiss"]
[EventRounds "9"]
[EventCountry "ESP"]
[SourceTitle "EXT 2011"]
[Source "ChessBase"]
[SourceDate "2010.11.26"]
[SourceVersion "1"]
[SourceVersionDate "2010.11.26"]
[SourceQuality "1"]
[WhiteTeam "Santa Isabel"]
[BlackTeam "Albatros"]
[WhiteTeamCountry "ESP"]
[BlackTeamCountry "ESP"]

1. e4 e5 2. Nf3 Nc6 3. d4 exd4 4. Nxd4 Nf6 5. Nc3 Bc5 6. Be3 Nxd4 7. Bxd4 Bxd4 8. Qxd4 d6 9. 0-0-0 0-0 10. h3 a6 11. e5 Ne8 12. Ne4 Bf5 13. g4 Bxe4 14. Qxe4 Qg5+ 15. f4 f5 16. Qc4+ 1-0

[Event "Barcelona Sants op 09th"]
[Site "Barcelona"]
[Date "2007.08.28"]
[Round "5"]
[White "Gonzalez Garcia, Jose Angel"]
[Black "Arias Boo, Guillermo"]
[Result "1-0"]
[WhiteElo "1914"]
[BlackElo "2299"]
[PlyCount "113"]
[EventDate "2007.08.24"]
[EventType "swiss"]
[EventRounds "10"]
[EventCountry "ESP"]
[SourceTitle "CBM 120 Extra"]
[Source "ChessBase"]
[SourceDate "2007.11.01"]
[SourceVersion "1"]
[SourceVersionDate "2007.11.01"]
[SourceQuality "1"]

1. d4 d5 2. c4 e5 3. dxe5 d4 4. Nf3 Nc6 5. a3 Nge7 6. b4 Ng6 7. Bb2 a5 8. b5 Ncxe5 9. Nxe5 Nxe5 10. e3 Be6 11. Bxd4 Nxc4 12. Qc2 Nd6 13. Bd3 Qg5 14. 0-0 Nxb5 15. Bxb5+ Qxb5 16. Qxc7 Rc8 17. Qg3 Qd3 18. Nc3 Qg6 19. Qf3 Bc5 20. Ne2 Bd6 21. Qxb7 0-0 22. Ng3 h5 23. f4 Bc4 24. Rfc1 h4 25. Nf1 Rc7 26. Qf3 Bd3 27. Rxc7 Bxc7 28. Nd2 Bf5 29. Rc1 Bd8 30. Rc6 Qg4 31. h3 Qxf3 32. Nxf3 Be4 33. Rc8 Be7 34. Rc3 Bxf3 35. gxf3 a4 36. Rc7 Bxa3 37. Ra7 Rc8 38. Rxa4 Rc1+ 39. Kg2 Rc2+ 40. Kf1 Rc1+ 41. Ke2 Bd6 42. Ra8+ Kh7 43. Ra7 Kg8 44. Ra8+ Kh7 45. Ra5 Kg8 46. Rg5 Bf8 47. f5 Rc2+ 48. Kd3 Rh2 49. Bxg7 Bxg7 50. f6 Rxh3 51. Rxg7+ Kf8 52. Ke4 Rh2 53. Kf5 h3 54. Rh7 Kg8 55. Rh4 Re2 56. e4 h2 57. f4 1-0

[Event "Barcelona Sants op 09th"]
[Site "Barcelona"]
[Date "2007.08.25"]
[Round "2"]
[White "Sanchez Criado, Lluis"]
[Black "Gonzalez Garcia, Jose Angel"]
[Result "0-1"]
[WhiteElo "2199"]
[BlackElo "1914"]
[PlyCount "58"]
[EventDate "2007.08.24"]
[EventType "swiss"]
[EventRounds "10"]
[EventCountry "ESP"]
[SourceTitle "CBM 120 Extra"]
[Source "ChessBase"]
[SourceDate "2007.11.01"]
[SourceVersion "1"]
[SourceVersionDate "2007.11.01"]
[SourceQuality "1"]

1. d4 Nf6 2. c4 e6 3. Nf3 c5 4. e3 a6 5. Nc3 d5 6. a4 Nc6 7. Be2 dxc4 8. Bxc4 Qc7 9. 0-0 Bd6 10. Qe2 0-0 11. dxc5 Bxc5 12. e4 Ng4 13. g3 Bd7 14. Bf4 e5 15. Bg5 h6 16. Nd5 Qd6 17. Be3 Nxe3 18. Nxe3 Nd4 19. Nxd4 exd4 20. Ng2 Rae8 21. Qd3 Kh8 22. Rfd1 f5 23. f3 fxe4 24. fxe4 Bg4 25. Rf1 Be2 26. Rxf8+ Rxf8 27. Qb3 d3+ 28. Kh1 Qf6 29. h4 Qf2 0-1

[Event "Banyoles op 10th"]
[Site "Banyoles"]
[Date "2007.08.20"]
[Round "5"]
[White "Wantiez, Fabrice"]
[Black "Gonzalez Garcia, Jose Angel"]
[Result "0-1"]
[WhiteElo "2320"]
[BlackElo "1914"]
[PlyCount "110"]
[EventDate "2007.08.16"]
[EventType "swiss"]
[EventRounds "9"]
[EventCountry "ESP"]
[SourceTitle "CBM 119 Extra"]
[Source "ChessBase"]
[SourceDate "2007.09.04"]
[SourceVersion "1"]
[SourceVersionDate "2007.09.04"]
[SourceQuality "1"]

1. e4 c5 2. Nf3 d6 3. d4 cxd4 4. Nxd4 Nf6 5. Nc3 Nc6 6. Bg5 e6 7. f3 Be7 8. Qd2 0-0 9. h4 h6 10. Be3 d5 11. exd5 Nxd5 12. Nxd5 Qxd5 13. Nxc6 Qxc6 14. Bd3 Rd8 15. 0-0-0 e5 16. Qa5 Be6 17. Be4 Qc4 18. b3 Rxd1+ 19. Rxd1 Qe2 20. Qd2 Qxd2+ 21. Rxd2 Bc8 22. g4 f5 23. gxf5 Bxh4 24. c4 a5 25. Rd5 Bf6 26. Bb6 a4 27. b4 a3 28. c5 h5 29. Kc2 h4 30. Kd1 g6 31. Bd8 gxf5 32. Bxf6 fxe4 33. Rd8+ Kf7 34. Bxh4 exf3 35. Ke1 e4 36. Bg5 Ra4 37. Rxc8 Rxb4 38. Ra8 Rb1+ 39. Kf2 Rb2+ 40. Kf1 Rb1+ 41. Kf2 Rb2+ 42. Kf1 Kg6 43. Be3 Rxa2 44. Ra7 Ra1+ 45. Kf2 Ra2+ 46. Kf1 Ra1+ 47. Kf2 a2 48. Bd4 Rd1 49. Bc3 Rc1 50. Bd4 Rd1 51. Bc3 Rc1 52. Bd4 Rc2+ 53. Kf1 Rd2 54. Bc3 e3 55. Ra8 Rd1+ 0-1

[Event "Extremadura-ch"]
[Site "Badajoz"]
[Date "2007.06.10"]
[Round "7"]
[White "Portalo Calero, Francisco"]
[Black "Gonzalez Garcia, Jose Angel"]
[Result "1-0"]
[WhiteElo "1967"]
[BlackElo "1800"]
[PlyCount "99"]
[EventDate "2007.06.02"]
[EventType "swiss"]
[EventRounds "7"]
[EventCountry "ESP"]
[SourceTitle "EXT 2008"]
[Source "ChessBase"]
[SourceDate "2007.11.25"]
[SourceVersion "1"]
[SourceVersionDate "2007.11.25"]
[SourceQuality "1"]

1. e4 e5 2. Nf3 Nc6 3. Bc4 Bc5 4. c3 Nf6 5. 0-0 d6 6. d4 Bb6 7. dxe5 dxe5 8. Qxd8+ Kxd8 9. Bxf7 Nxe4 10. Bd5 Nd6 11. Bxc6 bxc6 12. Nxe5 Ba6 13. Bg5+ Kc8 14. Re1 Nc4 15. Nxc4 Bxc4 16. Nd2 Bd3 17. Nf3 Kb7 18. Rad1 Ba6 19. b3 Rhe8 20. c4 Ba5 21. Bd2 Bxd2 22. Rxd2 Rad8 23. Rxe8 Rxe8 24. Kf1 Kc8 25. Nd4 Bb7 26. f3 c5 27. Nb5 a6 28. Nc3 Rd8 29. Rxd8+ Kxd8 30. Ne4 Bxe4 31. fxe4 Ke7 32. h4 h6 33. Kf2 Ke6 34. Kf3 Ke5 35. Ke3 g5 36. hxg5 hxg5 37. Kf3 a5 38. Kg4 Kxe4 39. Kxg5 Kd3 40. Kf4 Kc3 41. g4 a4 42. bxa4 Kxc4 43. g5 Kb4 44. g6 Kxa4 45. g7 c4 46. g8Q Kb4 47. Ke4 c5 48. Qb8+ Kc3 49. Kd5 Kd3 50. Qg3+ 1-0

[Event "Extremadura-chT"]
[Site "Spain"]
[Date "2007.02.24"]
[Round "6.3"]
[White "Gonzalez Garcia, Jose Angel"]
[Black "Garcia Gil Nunez, Romero Diego"]
[Result "0-1"]
[WhiteElo "1796"]
[BlackElo "1889"]
[PlyCount "92"]
[EventDate "2007.01.20"]
[EventType "team-swiss"]
[EventRounds "7"]
[EventCountry "ESP"]
[SourceTitle "EXT 2011"]
[Source "ChessBase"]
[SourceDate "2010.11.26"]
[SourceVersion "1"]
[SourceVersionDate "2010.11.26"]
[SourceQuality "1"]
[WhiteTeam "Santa Isabel"]
[BlackTeam "Cibeles"]
[WhiteTeamCountry "ESP"]
[BlackTeamCountry "ESP"]

1. e4 c5 2. Nf3 e6 3. d4 cxd4 4. Nxd4 Nf6 5. Nc3 Nc6 6. Bc4 Bb4 7. Nxc6 bxc6 8. Qe2 d5 9. exd5 cxd5 10. Bb5+ Bd7 11. Bxd7+ Qxd7 12. Bd2 0-0 13. 0-0 Rfe8 14. Rad1 Qb7 15. Nb5 Bxd2 16. Rxd2 Ne4 17. Rdd1 a6 18. Nc3 Qxb2 19. Nxe4 dxe4 20. Qxe4 Qxa2 21. Rd7 Rad8 22. Ra7 a5 23. Qf3 Rf8 24. Qb3 Qxb3 25. cxb3 Ra8 26. Rxa8 Rxa8 27. Ra1 Kf8 28. f3 Ke7 29. Ra4 Kd6 30. b4 Kc6 31. bxa5 Kb5 32. Rh4 h6 33. Rh5+ Kb4 34. Kf2 Rxa5 35. Rxa5 Kxa5 36. Ke3 Kb4 37. Kd4 f6 38. h4 Kb5 39. f4 Kc6 40. g4 Kd6 41. f5 e5+ 42. Ke4 Kc5 43. g5 h5 44. g6 Kc4 45. Ke3 Kd5 46. Kf3 Kd4 0-1